[Event "AUTO-ADV-4539"]
[Site "http://www.queenalice.com/game.php?id=1770085"]
[Date "2021.9.17"]
[Round "1"]
[White "Vilnius"]
[Black "deathbydixxon"]
[Result "1-0"]
[WhiteElo "1966"]
[BlackElo "1846"]

1. e4 e5 2. Bc4 Nf6 3. Nf3 d5 4. exd5 Bg4 5. d3 Nxd5 6. a3 Nf4 7. Bxf4 Bxf3 8.
Qxf3 Nc6 9. Bg3 f6 10. c3 Qd7 11. Nd2 O-O-O 12. O-O Na5 13. Rfd1 Qc6 14. Qf5+
Kb8 15. Ba2 g6 16. Qf3 h5 17. h3 Bg7 18. Qe2 Qe8 19. b4 Nc6 20. Nc4 h4 21. Bh2
g5 22. b5 Ne7 23. a4 Nd5 24. Qd2 Qe6 25. Ne3 Bh6 26. Bxd5 Qd6 27. c4 g4 28. Nf5
Qd7 29. Nxh6 gxh3 30. Nf7 hxg2 31. Nxd8 Qxd8 32. a5 f5 33. b6 a6 34. Bxe5 Rh7
35. bxc7+ Rxc7 36. Bxc7+ Qxc7 37. Qb2 h3 38. Qxb7+ Qxb7 39. Bxb7 Kxb7 40. Rab1+
1-0

[Event "AUTO-ADV-4539"]
[Site "http://www.queenalice.com/game.php?id=1770096"]
[Date "2021.9.17"]
[Round "1"]
[White "andreavb"]
[Black "Vilnius"]
[Result "1-0"]
[WhiteElo "1973"]
[BlackElo "2015"]

1. e4 e5 2. Nf3 Nc6 3. Bc4 Bc5 4. b4 Bxb4 5. c3 Be7 6. d4 d6 7. Qb3 Na5 8. Bxf7+
Kf8 9. Qa4 Kxf7 10. Qxa5 exd4 11. cxd4 h6 12. Nc3 Nf6 13. O-O Re8 14. e5 b6 15.
Qa4 Nh7 16. Qc2 Ng5 17. Bxg5 Bxg5 18. Nb5 Re7 19. h4 Bf4 20. g3 Qd7 21. Qe4 d5
22. Qxf4+ Kg8 23. Nc3 Rf7 24. Qe3 Qf5 25. Ne1 Ba6 26. Ne2 Qe4 27. Nf4 Qxe3 28.
fxe3 Bxf1 29. Kxf1 g5 30. hxg5 hxg5 31. Ke2 gxf4 32. exf4 c5 33. Nc2 Rh7 34. Ne3
Rd8 35. Ng4 Kf7 36. Rd1 Ke6 37. Nf6 Rh2+ 38. Kf3 Rxa2 39. dxc5 bxc5 40. Kg4 d4
41. Re1 d3 42. f5+ Ke7 43. Rh1 Rf8 44. Rh7+ Rf7 45. Nd5+ Kf8 46. Rh1 Ra4+ 47.
Kg5 Rg7+ 48. Kf6 Rxg3 49. Rh8+ Rg8 50. Rh7 d2 51. Rc7 Ke8 52. e6 Kd8 53. e7+ Ke8
54. Rc8+ Kd7 55. Rxg8 Re4 56. Rd8+ Kc6 57. Nc3 1-0

[Event "AUTO-ADV-4539"]
[Site "http://www.queenalice.com/game.php?id=1770097"]
[Date "2021.9.17"]
[Round "1"]
[White "Vilnius"]
[Black "andreavb"]
[Result "1-0"]
[WhiteElo "2021"]
[BlackElo "1977"]

1. e4 e5 2. Nf3 d6 3. Bc4 c6 4. h3 Be7 5. O-O Nf6 6. d3 O-O 7. Nc3 Nbd7 8. Be3
b5 9. Bb3 a5 10. a3 a4 11. Ba2 Qc7 12. b4 h6 13. Ne2 Re8 14. Qd2 Nf8 15. Ng3 Be6
16. Nf5 Bxa2 17. Rxa2 Ng6 18. c4 Bf8 19. cxb5 cxb5 20. Rc2 Qd7 21. Rfc1 Rac8 22.
Rxc8 Rxc8 23. Rxc8 Qxc8 24. Qc1 Qxc1+ 25. Bxc1 Ne8 26. d4 f6 27. g3 Ne7 28. N3h4
Kf7 29. d5 g5 30. Nxe7 Kxe7 31. Ng6+ Kf7 32. Nxf8 Kxf8 33. Be3 Ke7 34. f4 Kd7
35. Kf2 Ng7 36. Kf3 Ke7 37. Kg4 Kd7 38. fxe5 fxe5 39. h4 gxh4 40. gxh4 Ne8 41.
Bxh6 Nf6+ 42. Kf5 Ke7 43. Bg5 1-0

[Event "AUTO-ADV-4545"]
[Site "http://www.queenalice.com/game.php?id=1771331"]
[Date "2021.10.3"]
[Round "1"]
[White "Vilnius"]
[Black "punk"]
[Result "0-1"]
[WhiteElo "2035"]
[BlackElo "1943"]

1. e4 e5 2. Nf3 Nc6 3. d4 Nf6 4. Nc3 Bb4 5. dxe5 Nxe4 6. Bd2 Nxd2 7. Qxd2 O-O 8.
Bd3 d5 9. a3 Bxc3 10. Qxc3 Bg4 11. O-O-O a5 12. h3 Bxf3 13. gxf3 d4 14. Qc5 Qg5+
15. Kb1 Qxe5 16. Qxe5 Nxe5 17. Be4 c5 18. Bxb7 Rab8 19. Bd5 Rfd8 20. Ba2 c4 21.
f4 c3 22. fxe5 Rxb2+ 23. Ka1 Rxc2 24. e6 fxe6 25. Bxe6+ Kf8 26. f3 Rf2 27. Rdf1
Rxf1+ 28. Rxf1 Rd6 29. Bf5 g6 30. Bd3 Rb6 31. Rb1 Re6 32. Be4 Rd6 33. Rb5 Ke7
34. Rd5 Rxd5 35. Bxd5 Kd6 36. Be4 Ke5 37. Kb1 Kf4 38. Kc2 Ke3 39. h4 Ke2 40. f4
Ke3 41. f5 gxf5 42. Bxf5 h6 43. Bg4 Ke4 44. Be2 Ke3 45. Bd3 Kf2 46. Kb3 Ke3 47.
Bg6 Kd2 48. Kc4 c2 49. Bxc2 Kxc2 50. Kxd4 Kb3 51. a4 Kxa4 52. Kc3 Kb5 53. Kb3
Kc5 54. Ka4 Kd5 55. Kxa5 Ke5 56. Kb5 Kf5 57. Kc5 Kg4 58. h5 Kxh5 59. Kd4 Kg4 60.
Ke3 Kg3 61. Ke2 Kg2 62. Ke3 h5 0-1

[Event "AUTO-ADV-4545"]
[Site "http://www.queenalice.com/game.php?id=1771332"]
[Date "2021.10.3"]
[Round "1"]
[White "punk"]
[Black "Vilnius"]
[Result "0-1"]
[WhiteElo "1900"]
[BlackElo "2003"]

1. e4 e5 2. Nf3 Nc6 3. Bb5 Qf6 4. Nc3 Nge7 5. d3 h6 6. O-O a6 7. Ba4 Nd4 8. Nxd4
exd4 9. e5 Qxe5 10. Re1 Qa5 11. b4 Qxb4 12. Nd5 Qxa4 13. Nxc7+ Kd8 14. Nxa8 Qc6
15. Bf4 Nd5 16. Qe2 Bd6 17. Bxd6 Qxd6 18. Qg4 Qf6 19. Re4 d6 20. Qg3 Nc3 21.
Ree1 Nd5 22. c4 Nb4 23. c5 Nc2 24. cxd6 Bd7 25. Rac1 Nxe1 26. Rc7 Nxd3 27. Nb6
Ne5 28. Nxd7 Nxd7 29. Rxb7 Re8 30. h3 Re6 31. Ra7 Rxd6 32. Ra8+ Ke7 33. Qa3 d3
0-1

[Event "AUTO-ADV-4545"]
[Site "http://www.queenalice.com/game.php?id=1771333"]
[Date "2021.10.3"]
[Round "1"]
[White "Vilnius"]
[Black "kuntakinte"]
[Result "0-1"]
[WhiteElo "1915"]
[BlackElo "1748"]

1. e4 e5 2. Nf3 d6 3. h3 c6 4. Nc3 b5 5. b4 Nf6 6. d4 Nbd7 7. d5 cxd5 8. Nxd5
Nxe4 9. Bxb5 Rb8 10. Bd3 Nef6 11. Nxf6+ Qxf6 12. Bg5 Qe6 13. O-O h6 14. Be3 e4
15. Nd4 Qd5 16. c4 Qb7 17. Bc2 Ne5 18. Ba4+ Bd7 19. Bxd7+ Nxd7 20. b5 Ne5 21.
Nc6 Nxc6 22. bxc6 Qxc6 23. Bxa7 Ra8 24. Qd4 Be7 25. a4 Bf6 26. Qb6 Qd7 27. Rae1
O-O 28. Rxe4 Rxa7 29. Qb5 Qc7 30. Rfe1 Rb7 31. Qf5 Qd7 32. Qd5 Rb2 33. c5 Bh4
34. Rxh4 Qd8 35. Rd4 Qf6 36. f3 Qg6 37. Rg4 Qf6 38. Qxd6 Qxd6 0-1

[Event "AUTO-ADV-4545"]
[Site "http://www.queenalice.com/game.php?id=1771334"]
[Date "2021.10.3"]
[Round "1"]
[White "kuntakinte"]
[Black "Vilnius"]
[Result "1-0"]
[WhiteElo "1771"]
[BlackElo "1892"]

1. e4 e5 2. Nf3 Nc6 3. Bc4 Bc5 4. O-O d6 5. c3 Be6 6. Bb5 h6 7. a3 Bd7 8. Bxc6
Bxc6 9. d4 exd4 10. cxd4 Bb6 11. Qb3 Bxe4 12. Re1 f5 13. Nbd2 Nf6 14. Qb5+ c6
15. Qa4 O-O 16. Qb3+ d5 17. a4 Rb8 18. a5 Bxa5 19. Re2 Bb6 20. Qc3 a6 21. b3 Bc7
22. Ba3 Bd6 23. b4 Nh5 24. b5 axb5 25. Bb4 Nf4 26. Re3 Nd3 27. Bxd6 Qxd6 28.
Rxd3 Bxd3 29. Qxd3 Rf6 30. Re1 Ra8 31. h3 Raf8 32. Nb3 b6 33. Ne5 Re6 34. Rc1 c5
35. Qxb5 cxd4 36. Nc6 Rfe8 37. Qf1 d3 38. Ncd4 Re5 39. Nf3 R5e7 40. Nbd2 Qa3 41.
Ra1 Qc3 42. Rc1 1-0

[Event "AUTO-ADV-4545"]
[Site "http://www.queenalice.com/game.php?id=1771335"]
[Date "2021.10.3"]
[Round "1"]
[White "Vilnius"]
[Black "PaulMSains"]
[Result "0-1"]
[WhiteElo "1977"]
[BlackElo "1803"]

1. e4 e5 2. Nf3 Nc6 3. d4 exd4 4. Nxd4 Nxd4 5. Qxd4 d6 6. Bc4 Be6 7. O-O Bxc4 8.
Qxc4 Nf6 9. Nc3 Be7 10. Nd5 Nxd5 11. Qa4+ c6 12. exd5 Qd7 13. dxc6 bxc6 14. Be3
O-O 15. c4 Rfb8 16. Qc2 Bf6 17. Rab1 Rb7 18. Rfd1 Rab8 19. b3 Be7 20. Qe4 Re8
21. Qf3 Qc7 22. b4 a6 23. a4 a5 24. b5 c5 25. Rd5 Bf6 26. Rbd1 Rb6 27. Bd2 Qa7
28. Bf4 Be5 29. Bxe5 dxe5 30. Rxe5 Rbb8 31. Qd5 Qc7 32. Rxe8+ Rxe8 33. g3 g6 34.
Kg2 h5 35. Kf3 Kg7 36. Qd6 Qb7+ 37. Qd5 Qe7 38. Qd6 Qe4# 0-1

[Event "AUTO-ADV-4545"]
[Site "http://www.queenalice.com/game.php?id=1771336"]
[Date "2021.10.3"]
[Round "1"]
[White "PaulMSains"]
[Black "Vilnius"]
[Result "0-1"]
[WhiteElo "1822"]
[BlackElo "1969"]

1. e4 e5 2. Nf3 Nc6 3. Bc4 d6 4. d3 h6 5. O-O Be6 6. Bxe6 fxe6 7. Be3 Nf6 8. Nc3
g5 9. h3 g4 10. hxg4 Nxg4 11. Nh2 Nxh2 12. Qh5+ Kd7 13. Qxh2 Qf6 14. f4 Be7 15.
fxe5 Qxe5 16. Qxe5 Nxe5 17. Bd4 Rhf8 18. Rxf8 Rxf8 19. Rf1 Rxf1+ 20. Kxf1 Nc6
21. Be3 h5 22. Nb5 a6 23. Nd4 Ne5 24. Nf3 Nc6 25. c3 b5 26. b4 a5 27. bxa5 Nxa5
28. Bd2 c5 29. c4 b4 30. Ng1 Nc6 31. Nh3 Nd4 32. Nf4 Bg5 33. g3 e5 34. Nxh5 Bxd2
35. g4 Ke7 36. Ng3 Kf6 37. Kg2 Bg5 38. Nf5 Nxf5 39. gxf5 Kg7 40. Kg3 Kh6 41. Kg4
Bf6 42. Kf3 Kh5 43. Kg3 Kg5 44. Kf3 Kh4 45. Ke2 Kg3 46. Ke3 Bg5+ 47. Ke2 Kg2 48.
Kd1 Kf2 49. Kc2 Ke2 50. Kb3 Kxd3 0-1

[Event "AUTO-MASTER-3069"]
[Site "http://www.queenalice.com/game.php?id=1772396"]
[Date "2021.10.16"]
[Round "1"]
[White "steinie"]
[Black "Vilnius"]
[Result "1-0"]
[WhiteElo "2266"]
[BlackElo "1933"]

1. d4 e6 2. e4 d5 3. Nd2 a6 4. Ngf3 Nf6 5. e5 Ne4 6. Nxe4 dxe4 7. Ng5 Nc6 8. c3
Qd5 9. Qh5 g6 10. Qh4 Be7 11. Qxe4 Bd7 12. Bd3 1-0

[Event "AUTO-MASTER-3069"]
[Site "http://www.queenalice.com/game.php?id=1772397"]
[Date "2021.10.16"]
[Round "1"]
[White "Vilnius"]
[Black "steinie"]
[Result "0-1"]
[WhiteElo "1936"]
[BlackElo "2264"]

1. e4 e5 2. Nf3 Nf6 3. Nc3 Nc6 4. Bc4 Bc5 5. h3 d6 6. O-O O-O 7. d3 Na5 8. a3
Nxc4 9. dxc4 Be6 10. Qe2 Bb6 11. Bg5 Qe7 12. Nd5 Bxd5 0-1

[Event "AUTO-MASTER-3069"]
[Site "http://www.queenalice.com/game.php?id=1772414"]
[Date "2021.10.16"]
[Round "1"]
[White "Vilnius"]
[Black "e4d4sf3"]
[Result "0-1"]
[WhiteElo "2010"]
[BlackElo "2158"]

1. e4 c6 2. Nc3 d5 3. exd5 cxd5 4. d4 Nf6 5. h3 Bf5 6. Bd3 Bg6 7. Bxg6 hxg6 8.
Nf3 e6 9. Qd3 Bd6 10. Ne5 Nbd7 11. Nxd7 Qxd7 12. Qb5 a6 13. Qxd7+ Kxd7 14. a3 b5
15. Bd2 Rac8 16. f4 Nh5 17. Rf1 f5 18. Rf3 Nf6 19. Ke2 Ne4 20. Nxe4 dxe4 21. Rc3
Rxc3 22. bxc3 Kc6 23. a4 Rb8 24. axb5+ axb5 25. Ra6+ Rb6 26. Ra8 Rb8 27. Ra6+
Kc7 28. Ra7+ Rb7 29. Ra8 Kc6 30. Ra6+ Kd5 31. Ra5 Kc6 32. Ra6+ Kd7 33. Ra8 Bb8
34. Ke3 Kc7 35. Ra5 Kb6 36. Ra1 Kc6 37. Rb1 Ba7 38. Rb4 Bb8 39. c4 Bd6 40. cxb5+
Rxb5 41. Rxb5 Kxb5 42. g4 Kc4 43. h4 Be7 44. Be1 Ba3 45. Bd2 Bb2 46. c3 Bxc3 47.
Bxc3 Kxc3 48. h5 Kc4 49. hxg6 Kd5 50. gxf5 exf5 0-1

[Event "AUTO-MASTER-3069"]
[Site "http://www.queenalice.com/game.php?id=1772416"]
[Date "2021.10.16"]
[Round "1"]
[White "Vilnius"]
[Black "rich"]
[Result "0-1"]
[WhiteElo "2000"]
[BlackElo "1954"]

1. e4 c5 2. Nf3 Nc6 3. d4 cxd4 4. Nxd4 Qb6 5. Nxc6 bxc6 6. Bd3 e5 7. O-O Nf6 8.
a3 Be7 9. c4 a5 10. Qa4 O-O 11. Ra2 d5 12. Be3 Qc7 13. cxd5 cxd5 14. Rc1 Qd8 15.
Nd2 Bd7 16. Qd1 Be6 17. exd5 Nxd5 18. Nc4 Nxe3 19. fxe3 Bg5 20. Qe2 Rc8 0-1

[Event "AUTO-ADV-4535"]
[Site "http://www.queenalice.com/game.php?id=1774465"]
[Date "2021.11.10"]
[Round "2"]
[White "e4d4sf3"]
[Black "Vilnius"]
[Result "1-0"]
[WhiteElo "2140"]
[BlackElo "1930"]

1. d4 e6 2. e4 d5 3. Nc3 Bb4 4. e5 c5 5. a3 cxd4 6. axb4 dxc3 7. Qg4 cxb2 8.
Bxb2 g6 9. Bd3 Nh6 10. Qf4 Nf5 11. Nf3 Nc6 12. b5 Na5 13. g4 Ng7 14. Qh6 Kf8 15.
h4 a6 16. h5 Bd7 17. bxa6 bxa6 18. Ba3+ Kg8 19. hxg6 fxg6 20. Bxg6 Nc4 21. Bxh7+
Rxh7 22. Qxh7+ Kf7 23. Rh6 Qa5+ 24. Kf1 Nxa3 25. Rf6+ Ke7 26. Qxg7+ Kd8 27. Qf8+
Be8 28. Qxa3 Qb5+ 29. Kg2 Ra7 30. Qa5+ Rc7 31. Qxb5 Bxb5 32. Rxe6 1-0

[Event "AUTO-ADV-4535"]
[Site "http://www.queenalice.com/game.php?id=1774466"]
[Date "2021.11.10"]
[Round "2"]
[White "Vilnius"]
[Black "e4d4sf3"]
[Result "0-1"]
[WhiteElo "1922"]
[BlackElo "2146"]

1. e4 e5 2. Nf3 Nc6 3. a3 Bc5 4. Bb5 Nf6 5. Bxc6 dxc6 6. d3 Qe7 7. h3 h6 8. b4
Bb6 9. Bb2 Nd7 10. Nbd2 f6 11. c3 Nf8 12. c4 c5 13. b5 Ba5 14. O-O Ne6 15. Nh4
O-O 16. Ng6 Qf7 17. Nxf8 Nxf8 18. Nb3 Bb6 19. a4 a5 20. f4 exf4 21. Rxf4 Ne6 22.
Rh4 Bd7 23. Qe2 Re8 24. Rf1 Nd4 25. Nxd4 cxd4 26. Qf3 Bc5 27. Bc1 Bd6 28. Bf4
Bxf4 29. Rxf4 Qg6 30. g4 c5 31. bxc6 Bxc6 32. h4 Re5 0-1